| 000 | 00559nam a2200169Ia 4500 | ||
|---|---|---|---|
| 008 | 260520s2024 xx 000 0 und d | ||
| 020 | _a978-81-8483-229-7 | ||
| 041 | _amar | ||
| 082 | _a954.792/RAY | ||
| 100 | _aरायरीकर, कल्पना | ||
| 245 | _aमहाराष्ट्राच्या इतिहासाचे साक्षीदार | ||
| 250 | _a1st ed | ||
| 260 |
_aपुणे _bडायमंड पब्लिकेशन्स, _c2024 |
||
| 300 | _a236p. | ||
| 500 | _aCat No: 15027 | ||
| 650 | _aHISTORY | ||
| 999 |
_c1221834 _d1221834 |
||